00837nam a2200241Ia 450000100060000000300090000600800410001504000130005604000130006904100130008210000160009510000290011124501260014024500320026625000110029826000100030926000130031926000490033230000570038150001010043865000250053965000310056460602IT-RoPAU130308s9999 xx 000 0 und d aIT-RoPAU cIT-RoPAU aFRANCESE aThiers Ghj. gCodice Aut. SPICS: 21767 aEpilinguisme, elaboration linguistique et volontè populaire, trois supports de l'individuation sociolinguistique corse bGlottopolitique-Langages 83 a1a ed. aPARIS bLarousse c1986 [1° Ed.:1986 - Ed.Ling.Originale:1986] a"10 p. (prefazione: no ; testo: 10 [pagine: 65-74])" aEpilinguismo Elaborazione Linguistica e Volontà Popolare Individuazione Sociolinguistica Corsa aSAGGI DI LINGUISTICA eCodice materia Spics: 3207